Southville International School and Colleges
Your cart is empty.
  • Cart
  • Lists
    Public lists Eva Luna New books Lux_list list_1
    Your lists Log in to create your own lists
  • Log in to your account
  • Your cookies
  • Search history
Southville International School and Colleges
  • Advanced search
  • Recent comments
  • Most popular
  • Libraries

Log in to your account

Log in with GOOGLE


If you do not have an external account, but do have a local account, you can still log in:

  1. Home
  2. MARC view: Denial :
Normal view MARC view ISBD view

Denial : (Record no. 339648)

[ view plain ]
MARC details
000 -LEADER
fixed length control field 00759nam a2200277Ia 4500
008 - FIXED-LENGTH DATA ELEMENTS--GENERAL INFORMATION
fixed length control field 170711s9999 xx 000 0 und d
020 ## - INTERNATIONAL STANDARD BOOK NUMBER
International Standard Book Number 9781591843139
050 ## - LIBRARY OF CONGRESS CALL NUMBER
Classification number 658
050 ## - LIBRARY OF CONGRESS CALL NUMBER
Item number T256 2010
100 ## - MAIN ENTRY--PERSONAL NAME
Personal name Tedlow, Richard
245 ## - TITLE STATEMENT
Title Denial :
245 ## - TITLE STATEMENT
Remainder of title why business leaders fail to look facts in the face and what to do about it /
245 ## - TITLE STATEMENT
Statement of responsibility, etc Richard Tedlow.
260 ## - PUBLICATION, DISTRIBUTION, ETC. (IMPRINT)
Place of publication, distribution, etc USA :
260 ## - PUBLICATION, DISTRIBUTION, ETC. (IMPRINT)
Name of publisher, distributor, etc Portfolio,
260 ## - PUBLICATION, DISTRIBUTION, ETC. (IMPRINT)
Date of publication, distribution, etc 2010
300 ## - PHYSICAL DESCRIPTION
Extent 261 pages :
300 ## - PHYSICAL DESCRIPTION
Other physical details illustrations ;
300 ## - PHYSICAL DESCRIPTION
Dimensions 23cm.
500 ## - GENERAL NOTE
General note Includes bibliographic reference and index.
650 ## - SUBJECT ADDED ENTRY--TOPICAL TERM
Topical term or geographic name as entry element Business failure --
650 ## - SUBJECT ADDED ENTRY--TOPICAL TERM
Topical term or geographic name as entry element Denial (Psychology).
650 ## - SUBJECT ADDED ENTRY--TOPICAL TERM
Topical term or geographic name as entry element Management --Psychological aspects.
650 ## - SUBJECT ADDED ENTRY--TOPICAL TERM
General subdivision Case studies.
700 ## - ADDED ENTRY--PERSONAL NAME
Personal name Title.

No items available.

Denial :

APA

Tedlow R., Title, .Denial. USA: .

Chicago

Tedlow Richard, Title, .Denial. USA: .

Harvard

Tedlow R., Title, .Denial. USA: .

MLA

Tedlow Richard, Title, .USA: . .

  • Print
  • Cite
  • Add to your cart (remove)
  • Save record
    BIBTEX Dublin Core MARCXML MARC (non-Unicode/MARC-8) MARC (Unicode/UTF-8) MARC (Unicode/UTF-8, Standard) MODS (XML) RIS
  • More searches
    Search for this title in:
    Other Libraries (WorldCat) Other Databases (Google Scholar) Online Stores (Bookfinder.com) Open Library (openlibrary.org)

Exporting to Dublin Core...

SOUTHVILLE LIBRARY

Southville International School and Colleges Library

1281 Tropical Ave. Cor. Luxembourg St., BF Homes International, Las Pinas City

Tel. No. 8256374 / 252358 Loc. 117/146

Powered by Koha